00751nam a22002297a 45000010005000000030006000050050017000110080041000280200018000690400029000870500019001160820012001351000026001472450041001732600039002143000047002535050007003005200139003075210018004465210018004646500039004827441FISKH20250716093207.0250716b cb ||||| |||| 00| 0 eng d a9781560659488 aFISKHbengcFISKHdFISKH aQK495.C74 S335 a 583.99 aSaunders-Smith, Gail  aSunflowers /cby Gail Saunders-Smith aMinnesota :bPebble Book, c1998.  a24 pages : bcolor illustrations ; c18 cm aN  aSimple text and photographs depict the life cycle of the sunflower, from seeds to sprouts to flowers that finally turn again to seeds.8 a560 bLexile 8 aN bRaz-Plus  aScience Seeds vNaturexSunflowers